Movies Quiz

Random Movies or Oscar Quiz

Movies Hidden in Movies Quiz Stats

 Plays Quiz Updated Sep 22, 2016

Challenge
Share
Tweet
Embed
Score 0/45 Timer 08:00
2 Plays Today
Hint Answer % Correct
Movie Two: NostalgiaIn
97.7%
Movie One: AlcoholThe
96.8%
Movie Three: FlintRoger
96.8%
Movie Eight: FraudMe
95.1%
Movie Three: FlintMe
95.1%
Movie Six: Road TripNight
94.1%
Movie Five: Hair GelMary
93.7%
Movie Eight: FraudYou
93.7%
Movie Four: OilBe
91.8%
Movie Four: OilThere
91.5%
Movie Eight: FraudIf
91%
Movie One: AlcoholWeekend
89.8%
Movie Seven: CoalHow
89.3%
Movie Seven: CoalGreen
89%
Movie Five: Hair GelThere's
87.5%
Movie Five: Hair GelAbout
87.2%
Movie Eight: FraudCan
87%
Movie Three: Flint&
86.2%
Movie Five: Hair GelSomething
86.1%
Movie Eight: FraudCatch
85%
Movie Seven: CoalWas
84.6%
Movie Six: Road TripIt
83.4%
Movie Seven: CoalMy
81.3%
Hint Answer % Correct
Movie Six: Road TripOne
80.5%
Movie Nine: DepressionThey
79.8%
Movie Nine: DepressionThey
79.8%
Movie Nine: DepressionDon't
79.4%
Movie Two: NostalgiaMidnight
79.2%
Movie Four: OilWill
78.7%
Movie Six: Road TripHappened
77.5%
Movie Two: NostalgiaParis
75.8%
Movie Four: OilBlood
75.3%
Movie One: AlcoholLost
74.2%
Movie Nine: DepressionHorses
63.9%
Movie Seven: CoalValley
62.5%
Movie Eight: FraudPan Am
55.8%
Movie Four: OilDay-Lewis
54.4%
Movie Nine: DepressionShoot
51.9%
Movie Two: NostalgiaWoody Allen
46.5%
Movie Three: FlintMichael Moore
44.1%
Movie Five: Hair GelBrett Favre
43.7%
Movie One: Alcohol1945
31.8%
Movie Nine: DepressionJane Fonda
23.5%
Movie Six: Road TripFrank Capra
22.4%
Movie Seven: CoalCitizen Kane
20.5%

You're not logged in!

Compare scores with friends on all Sporcle quizzes.
Join for Free
OR
Log In

You Might Also Like...

Show Comments

Extras

Top Quizzes Today


Score Distribution

Your Account Isn't Verified!

In order to create a playlist on Sporcle, you need to verify the email address you used during registration. Go to your Sporcle Settings to finish the process.

Report this User

Report this user for behavior that violates our Community Guidelines.

Details: